000 00736nam a22001937a 4500
999 _c63950
_d63950
005 20260226151936.0
008 260226s2005 enk||||| |||| 00| 0 eng d
020 _a9780801489822x
041 _aeng
080 _a32.001(45:520) S-19
100 _aSamuels, Richard J.
_926993
245 _aMachiavelli's children :
_bleaders a. their legacies in Italy a. Japan /
_cRichard J. Samuels.
264 _aLondon :
_bCornell Univ. press.,
_c2003.
300 _a456 p. :
_bill. ;
_c24 cm.
500 _aBibliogr.: p. 411-444.
653 _aპოლიტიკური ლიდერი იაპონიაში
653 _aპოლიტიკური ლიდერი იტალიაში
942 _2udc
_cᲬᲘᲒᲜᲘ